Capitales littorales en Océanie - Statistiques

Statistiques générales
  • Ce quiz a été pris 68 fois
    59 depuis la dernière actualisation
  • Le résultat moyen est 7 sur 12
Statistiques - réponses
Capitale en bord de mer % Correct
11 Wellington
92%
1 Apia
82%
8 Port Moresby
78%
12 Yaren
73%
9 Port-Vila
69%
6 Nuku'Alofa
63%
7 Palikir
63%
3 Funafuti
61%
4 Honiara
55%
5 Melekeok
29%
10 Tarawa-Sud
22%
2 Delap-Uliga-Darrit
8%
Aucun quiz correspondant
Distribution des résultats
% des personnes avec chaque résultat
Percentile par nombre de réponses
Votre historique - résultats
Vous n’avez pas pris ce quiz depuis la dernière actualisation